Statistieken voor 5 willekeurige landen op de wereldkaart in 15 seconden

Klik hier om de quiz te nemen!

Algemene statistieken

  • Deze quiz is 49 keer genomen
  • De gemiddelde score is 4 van 5

Antwoorden op de kaart

Antwoorden kleurgecodeerd door een groen-rode schaal op de quizkaart volgens % correct hieronder.
 

Antwoordstatistieken

land% Correct
Afghanistan
100%
Albanië
100%
Algerije
100%
Benin
100%
Bosnië en Herzegovina
100%
Eritrea
100%
Estland
100%
Gabon
100%
Griekenland
100%
Honduras
100%
Liechtenstein
100%
Noord-Macedonië
100%
Papoea-Nieuw-Guinea
100%
Portugal
100%
Seychellen
100%
Slovenië
100%
Taiwan
100%
Tonga
100%
Uruguay
100%
Venezuela
100%
Verenigd Koninkrijk
100%
Brunei
50%
Qatar
50%
Andorra
0%
Angola
0%
Antigua en Barbuda
0%
Argentinië
0%
Armenië
0%
Australië
0%
Azerbeidzjan
0%
Bahama's
0%
Bahrein
0%
Bangladesh
0%
Barbados
0%
Belarus
0%
België
0%
Belize
0%
Bhutan
0%
Bolivia
0%
Botswana
0%
Brazilië
0%
Bulgarije
0%
Burkina Faso
0%
Burundi
0%
Cabo Verde
0%
Cambodja
0%
Canada
0%
Centraal-Afrikaanse Republiek
0%
Chili
0%
China
0%
Colombia
0%
Comoren
0%
Congo
0%
Costa Rica
0%
Côte d'Ivoire
0%
Cuba
0%
Cyprus
0%
Dem Rep Congo
0%
Denemarken
0%
Djibouti
0%
Dominica
0%
Dominicaanse Republiek
0%
Duitsland
0%
Ecuador
0%
Egypte
0%
El Salvador
0%
Equatoriaal-Guinea
0%
Eswatini
0%
Ethiopië
0%
Fiji
0%
Filipijnen
0%
Finland
0%
Frankrijk
0%
Gambia
0%
Georgië
0%
Ghana
0%
Grenada
0%
Guatemala
0%
Guinee
0%
Guinee-Bissau
0%
Guyana
0%
Haïti
0%
Hongarije
0%
Ierland
0%
IJsland
0%
India
0%
Indonesië
0%
Irak
0%
Iran
0%
Israël
0%
Italië
0%
Jamaica
0%
Japan
0%
Jemen
0%
Jordanië
0%
Kameroen
0%
Kazachstan
0%
Kenia
0%
Kirgizië
0%
Kiribati
0%
Koeweit
0%
Kosovo
0%
Kroatië
0%
Laos
0%
Lesotho
0%
Letland
0%
Libanon
0%
Liberia
0%
Libië
0%
Litouwen
0%
Luxemburg
0%
Madagaskar
0%
Malawi
0%
Maldiven
0%
Maleisië
0%
Mali
0%
Malta
0%
Marokko
0%
Marshalleilanden
0%
Mauritanië
0%
Mauritius
0%
Mexico
0%
Micronesia
0%
Moldavië
0%
Monaco
0%
Mongolië
0%
Montenegro
0%
Mozambique
0%
Myanmar
0%
Namibië
0%
Nauru
0%
Nederland
0%
Nepal
0%
Nicaragua
0%
Nieuw-Zeeland
0%
Niger
0%
Nigeria
0%
Noord-Korea
0%
Noorwegen
0%
Oeganda
0%
Oekraïne
0%
Oezbekistan
0%
Oman
0%
Oostenrijk
0%
Oost Timor
0%
Pakistan
0%
Palau
0%
Panama
0%
Paraguay
0%
Peru
0%
Polen
0%
Roemenië
0%
Rusland
0%
Rwanda
0%
Saint Kitts en Nevis
0%
Saint Lucia
0%
Saint Vincent en
de Grenadines
0%
Salomonseilanden
0%
Samoa
0%
San Marino
0%
Saoedi-Arabië
0%
Sao Tomé en Principe
0%
Senegal
0%
Servië
0%
Sierra Leone
0%
Singapore
0%
Slowakije
0%
Soedan
0%
Somalië
0%
Spanje
0%
Sri Lanka
0%
Suriname
0%
Syrië
0%
Tadzjikistan
0%
Tanzania
0%
Thailand
0%
Togo
0%
Trinidad en Tobago
0%
Tsjaad
0%
Tsjechië
0%
Tunesië
0%
Turkije
0%
Turkmenistan
0%
Tuvalu
0%
Vanuatu
0%
Vaticaanstad
0%
Verenigde Arabische Emiraten
0%
Verenigde Staten
0%
Vietnam
0%
Zambia
0%
Zimbabwe
0%
Zuid-Afrika
0%
Zuid-Korea
0%
Zuid-Soedan
0%
Zweden
0%
Zwitserland
0%

Scoreverdeling

Percentiel versus Aantal Correcte Antwoorden

Procent van Mensen met Elke Score

Uw Scoregeschiedenis

U heeft deze quiz nog niet genomen